LEADER 01190nam a2200313 a 4500 001 000000129770 003 CaOOAMICUS 005 20120720145755.0 008 120720s2012 it b u000 u ita r 040 $aPUL$bita 041 1 $aita$heng 082 04$a909 100 1 $aShort, Philip.$0(OLS)http://pul/name/83084 240 10$aMao.$lItaliano.$0(OLS)http://pul/title/164032 245 10$aMao /$cPhilip Short. 260 $aMilano :$bMondadori,$c2012. 300 $aXXIII, 592 p. :$bc. geogr. ;$c18 cm 490 1 $aI classici della storia ;$v95 504 $aInclude riferimenti bibliografici ed indice. 600 04$aMao Tse-tung,$d1893-1976.$0(OLS)http://pul/subject/9709 830 0$aClassici della storia ;$v95.$0(OLS)http://pul/title/155349 850 $aPUL 852 $aPUL$W1$xSL Cons. Gen., Altre Classi 3$y75$m909 COLL 3.95$j150228$qDDC 21$B148796$CPULBib$Z2$F148796 $H120513 $82 941 1 $a9 960 $aMao Zedong,$d1893-1976? $99709 996 $6082$a909$9(OLS)http://pul/classification/566 996 $6245$aMao$9(OLS)http://pul/title/164033 996 $6260$aMilano :$bMondadori$9(OLS)http://pul/publisher/50297 LEADER 01569nam a2200337 a 4500 001 000000137734 003 CaOOAMICUS 005 20140313103737.0 008 140313s2007 it af u000 u ita r 020 $a978-88-17-01708-4 040 $aPUL$bita 100 1 $aBertone, Tarcisio,$ccard.,$d1934-$0(OLS)http://pul/name/12663 245 12$aL'ultima veggente di Fatima :$bi miei colloqui con suor Lucia /$cTarcisio Bertone ; con Giuseppe De Carli ; [presentazione di Papa Benedetto XVI]. 260 $aRoma :$bRai-Eri ;$aMilano :$bR.C.S. Libri,$cİ2007. 300 $a191 p., [4] c. di tav. ;$c23 cm 504 $aBibliografia in nota. 600 04$aMaria Virgo,$cs.$xApparizioni$zFatima.$0(OLS)http://pul/subject/5495 700 1 $aDe Carli, Giuseppe.$0(OLS)http://pul/name/75516 700 0 $aBenedictus PP.$bXVI,$d1927-2022.$0(OLS)http://pul/name/14991 850 $aPUL 852 $aPUL$W1$xDP1 Fondo E. Rossi$y115$m7 A 58$j158772$qFondi$B158298$CPULBib$Z2$F158298 $82 900 $aRatzinger, Joseph,$ccard.,$d1927-2022$914991 900 $aBenedetto XVI,$cpapa,$d1927-$914991 910 $aPapi (2005-2013 : Benedictus PP. XVI)$914991 910 $aPapi (2005-2013 : Benedictus PP. XVI)$914991 941 1 $a1 996 $6020$a978-88-17-01708-4$9(OLS)http://pul/number/154796 996 $6245$aL'ultima veggente di Fatima :$bi miei colloqui con suor Lucia$9(OLS)http://pul/title/174405 996 $6260$aRoma :$bRai-Eri$9(OLS)http://pul/publisher/66364 996 $6260$aMilano :$bR.C.S. Libri$9(OLS)http://pul/publisher/74600